The German military in the age of total war / (Titelsatznr. 2906)
[ MARC ]
| 000 -Satzkennung | |
|---|---|
| Kontrollfeld mit fester Länge | 00458nam a22001691c 4500 |
| 001 - Kontrollnummer | |
| Kontrollfeld | 019950527 |
| 008 - Feld mit fester Länge zur physischen Beschreibung - Allgemeine Angaben | |
| Kontrollfeld mit fester Länge | 051005s eng d |
| 020 ## - Internationale Standardbuchnummer | |
| Internationale Standardbuchnummer | 0907582141 |
| Verknüpfung | 0-907582-14-1 |
| 041 ## - Sprachcode | |
| Sprachcode des Textes/der Tonspur oder des separaten Titels | eng |
| 040 ## - Katalogisierungsquelle | |
| Übertragungsstelle | RU-10907106 |
| 003 - Kontrollnummer Identifier | |
| Kontrollfeld | RU-10907106 |
| 245 04 - Titel | |
| Titel | The German military in the age of total war / |
| Verfasserangabe etc. | with a foreword by Paul Kennedy |
| 264 ## - Produktion, Veröffentlichung, Distribution, Herstellung und Urheberrechtsvermerk | |
| Herstellungs-, Veröffentlichungs- Vertriebs-, Erzeugungsort | Leamington Spa u.a. : |
| Produzent, Herausgeber, Distributor, Hersteller | Berg, |
| Datum der Herstellung, der Veröffentlichung, des Vertriebs oder des Urheberschutzvermerks | [2005] |
| 300 ## - Physische Beschreibung | |
| Umfang | 362 S. |
| 700 1# - Nebeneintragung - Personenname | |
| Personenname | Deist, Wilhelm |
| Funktionsbezeichnung | HerausgeberIn |
| 942 ## - Zusätzliche Felder (Koha) | |
| Koha-Medientyp | Monographien |
| Ausgeschieden | Verloren | Klassifikation oder Aufstellungssystematik | Beschädigt | Nicht entleihbar | Heimatbibliothek | Aufenthaltsbibliothek | Aufstellungsort | Erwerbungsdatum | Inventarnummer | Signatur | Barcode | Letzte Aktivität | Preis gültig von | Koha-Medientyp |
|---|---|---|---|---|---|---|---|---|---|---|---|---|---|---|
| Andere/Generische Klassifikation | MWN Osteuropa | MWN Osteuropa | Lesesaal - 1 | 05/10/2005 | 05-03844 | D 52 rd Dei | E0040150790B3609 | 22/02/2021 | 22/03/2021 | Monographien |